| 000 | 00851cam a2200241 a 4500 | ||
|---|---|---|---|
| 001 | 2488352 | ||
| 005 | 20180202044223.0 | ||
| 008 | 910911m19921993flua b 001 0 eng | ||
| 010 | _a 91035911 | ||
| 020 |
_a0873715896 : _c$65.00 (est.: v. 1) |
||
| 020 | _a087371895X (v. 2 : acidfree paper) | ||
| 040 |
_aDLC _cDLC _dDLC |
||
| 041 | _aeng | ||
| 080 | _a551.304 BUF | ||
| 082 | 0 | 0 |
_a551.304 BUF _220 |
| 100 | _a9 | ||
| 101 | _aMJE | ||
| 245 | 0 | 0 |
_aEnvironmental particles / _cvolume editors, Jacques Buffle, Herman P. van Leeuwen. |
| 504 | _aIncludes bibliographical references and index. | ||
| 906 |
_a7 _bcbc _corignew _d1 _eocip _f19 _gy-gencatlg |
||
| 942 |
_2ddc _cBK |
||
| 999 |
_c41610 _d41610 |
||